000 00442nam a2200193Ia 4500
003 OSt
005 20260108095923.0
008 210210b1900 xxu||||| |||| 00| 0 eng d
040 _cAL
041 _aeng
082 _a823.9 BANF
100 _aMargaret Culkin Banning
_9250705
245 _aFallen away
260 _aLondon
_bW H Allen
_c1900
300 _a314p
690 _aEnglish Fiction
_9250707
906 _a040398
942 _2ddc
_cBK
999 _c90447
_d90447